"Hello" In Different Languages - Statistics

General Stats
  • This quiz has been taken 47 times
  • The average score is 16 of 24
Answer Stats
Language % Correct
Hello! English
97%
Привет! Russian
97%
你好! Chinese
91%
Bonjour! French
91%
Ciao! Italian
89%
안녕하세요! Korean
89%
Hola! Spanish
89%
こんにちは! Japanese
86%
أهلا! Arabic
77%
Hallo! German
74%
हैलो।! Hindi
74%
Привітання! Ukrainian
74%
Xin chào! Vietnamese
66%
Yεια σας! Greek
63%
Alô! Portuguese
63%
Merhaba! Turkish
63%
Witam! Polish
60%
Здраво! Serbian
46%
Բարեւ Ձեզ! Armenian
43%
سلام! Persian
43%
Сәлем! Kazakh
34%
Sveiki Latvian
34%
வணக்கம்! Tamil
34%
Merheba! Kurdish
23%
No matching quizzes found
Score Distribution
Percent of People with Each Score
Percentile by Number Answered
Your Score History
You have not taken this quiz